[Event "Hoogovens"]
[Site "Wijk aan Zee"]
[Date "1997.01.21"]
[Round "3"]
[White "Granda Zuniga, Julio E"]
[Black "Nikolic, Predrag"]
[Result "1-0"]
[WhiteElo "2620"]
[BlackElo "2655"]
[Annotator "Horn,Peter"]
[PlyCount "77"]
[EventDate "1997.01.18"]
[EventType "tourn"]
[EventRounds "13"]
[EventCountry "NED"]
[EventCategory "16"]
[SourceTitle "CBM 057"]
[Source "ChessBase"]
[SourceDate "1997.04.01"]
[SourceVersion "1"]
[SourceVersionDate "1997.04.01"]
[SourceQuality "1"]

1. Nf3 d5 2. c4 d4 3. b4 g6 4. g3 Bg7 5. d3 e5 ({RR} 5... Nf6 6. Bg2 O-O 7. O-O c5 8. Nbd2 cxb4 9. Nb3 Nc6 10. a3 bxa3 11. Bxa3 Re8 12. Qc2 Bg4 13. h3 Bxf3 14. Bxf3 Qc7 15. Rfb1 Nd7 16. Nd2 Rac8 17. Qa4 b6 18. Nb3 e5 19. c5 Bh6 20. Ra2 {Khismatullin,D (2654)-Li,C (2750) Doha 2015 ½-½ (75)}) 6. Bg2 ({RR} 6. Nbd2 Bf5 7. Bg2 c6 8. Bb2 f6 9. c5 Be6 10. Ne4 Bf8 11. e3 dxe3 12. fxe3 Bd5 13. Ned2 Nd7 14. e4 Be6 15. d4 Bg7 16. Qc2 Nh6 17. O-O O-O 18. Nc4 Bxc4 19. Qxc4+ Kh8 20. d5 cxd5 {Gilbert,A (1797)-Skou,N Reykjavik ISL 2025 1-0 (40)}) 6... Ne7 {Pr.Nikolic spielt diesen Aufbau so häufig, daß man sicher sein kann, daß er von seiner Stärke überzeugt ist.} 7. Na3 $146 {Üblicherweise kommt dieser  über d2(-b3 ) ins Spiel. a3 macht aber in diesen Benoni-Stellungen Sinn: von c2 aus unterstützt er das Aufbrechen des Zentrums durch e2-e3 und das Feld b4 spielt eine Schlüsselrolle im Kampf um die Vorherrschaft am Damenflügel.} (7. O-O O-O 8. Nbd2 (8. Ba3 Re8 {Das ist die alte Interpretation des schwarzen Aufbaus: Es folgt d7-f8; am Damenflügel baut Schwarz dann mit b8,b6,b7 eine Verteidigungsstellung auf. Ich glaube nicht, daß Pr.Nikolic hier so gespielt hätte.} 9. Nbd2 Nd7 10. Nb3 Rb8 11. Qc2 Nf8 12. Rae1 Ne6 13. Bb2 b6 14. e3 Bb7 15. exd4 exd4 16. Re2 c5 17. bxc5 bxc5 18. Ba3 $14 {Damljanovic,B-Nikolic,Zi/JUG-ch/1989/0.5 (80)}) 8... a5 {Die moderne Interpretation des schwarzen Aufbaus: Schwarz spielt am Damenflügel mit.} 9. b5 c5 10. bxc6 (10. Ba3 $2 {Durch das Abschließen des Damenflügels kommt das weiße Spiel zum Stehen, während Schwarz alle Trumpfkarten (Vorstoß e5-e4) behält.} Nd7 11. Rb1 a4 12. Ne4 Qb6 13. h4 f5 14. Neg5 h6 $17 {Rojas-Todorcevic/Oviedo/1992}) 10... Nexc6 11. Ba3 (11. Rb1 Na6 {[%cal Ya6c5] Das ist die Idee: Schwarz spielt auf den schwarzen Feldern am Damenflügel: c5 und etl. b4.} (11... Qc7 12. Ba3 $14) 12. Nb3 {sagt den Kampf um das Feld c5 an. Nikolic wird auf diesen Plan auch etwas in petto gehabt haben.} (12. Ne1 Re8 13. Nc2 Nab4 14. Rb2 Bf8 15. a3 Na6 $15 {[%csl Gc5]} 16. Rb5 Nc7 17. Rb1 Ne6 18. Nb3 Ra7 19. a4 Nb4 $1 20. Na3 b6 21. Nb5 Rd7 22. Ba3 Bb7 23. Bxb7 Rxb7 $17 {Dizdarevic,E-Nikolic,P/Sarajevo/1987. Im Informator 43 hat Nikolic diese Partie selbst kommentiert.}) 12... Re8 (12... a4 13. Na1 {[%cal Ya1c2]}) 13. Ba3 Bf8 14. Bxf8 Rxf8 15. Qc1 Qe7 16. Re1 Nab4 17. Qd2 Qd8 18. Nc5 $1 b6 19. Na4 Rb8 20. a3 Na6 21. c5 $1 {nimmt dem Schwarzen endgültig das ewige -Feld c5.} b5 22. Nb6 Nxc5 23. Nxc8 Rxc8 24. Rxb5 $14 {Schekachev,A-Ivanov,V/Moscow4/1992}) 11... Nb4 (11... Re8 {Ein neuer Zug, der den scharfen Varianten nach b4 aus dem Weg geht. M.E. ist hier das letzte Wort noch nicht gesprochen.} 12. Rb1 (12. c5 $6 {Eine radikale Lösung: Weiß besetzt das Schlüsselfeld c5 selbst. Es scheint aber, daß er hierfür noch nicht stark genug steht.} Bf8 13. Ne4 (13. Nc4 Na6 14. Nb6 Rb8) 13... Na6 14. Nfd2 Ncb4 $15 {[%csl Rc5] Gurevich,D-Masserey,Y/Geneve op/1996}) 12... Na6 13. Qa4 $6 (13. Qb3) 13... Ncb4 14. Bxb4 axb4 15. Rfc1 Bd7 16. Qb3 Bf8 17. Ne4 Bc6 18. Rc2 Nc5 $1 $17 {Klatt,O-Marczell,P/EU/M\GT/1990}) 12. Qb3 Qe7 {Diesen Zug empfahl Nikolic 1987.} (12... N8a6 13. Bxb4 axb4 14. a3 bxa3 15. Qxa3 Re8 16. Rfb1 $16 {Larsen-Chandler, Hastings 1987}) 13. Ne1 N8c6 14. Nc2 Bh6 15. Nf3 Re8 16. Bxb4 axb4 17. a3 bxa3 18. Rxa3 Rxa3 19. Qxa3 Qxa3 20. Nxa3 e4 $13 {David,G-Burger,H/corr/1990}) ({RR} 7. Nbd2 O-O 8. h4 c6 9. a4 Bf5 10. Ba3 Nd7 11. Qb3 h6 12. Ne4 Be6 13. b5 f5 14. Bh3 Rc8 15. Qb4 c5 16. Qd2 Qc7 17. h5 Bf7 18. hxg6 Bxg6 19. Nh4 Bh7 20. f3 fxe4 21. fxe4 Rf6 {Bezgodova,S (2251)-Gorbatov,A (2381) Voronezh 2007 0-1 (57)}) ({RR} 7. a4 a5 8. bxa5 Nbc6 9. Nbd2 O-O 10. O-O Nxa5 11. Ba3 Bd7 12. Qc2 Re8 13. Rfb1 Bc6 14. Ne1 Bxg2 15. Kxg2 Nec6 16. Qd1 f5 17. Nb3 b6 18. c5 bxc5 19. Bxc5 Qd5+ 20. Kg1 Ra6 21. Nxa5 Rxa5 {Valdes Romero,L (2370)-Davila,C (2339) San Jose 2004 1-0 (41)}) 7... O-O 8. Nc2 a5 {Wie nicht anders zu erwarten, hält sich Nikolic auch unter diesen Bedingungen an sein Konzept des Gegenspiels am Damenflügel.} (8... Nd7 9. O-O Rb8 10. a4 b6 11. b5 Bb7 12. Ba3 Nc5 13. Bxc5 bxc5 14. Nd2 Bxg2 15. Kxg2 f5 16. Nb3 $14 {Bernard-Flear/Paris/1992}) 9. b5 c5 10. bxc6 Nexc6 11. O-O Re8 12. Rb1 Bf8 13. Nd2 Na6 14. Ne4 $146 (14. Na3 Ncb4 15. Ra1 $8 Nc5 16. Nb5 Bg4 17. a3 Nba6 18. h3 Bd7 19. Rb1 a4 $15 20. Kh2 Bc6 21. f4 exf4 22. Rxf4 Ne6 23. Rf2 Nac5 $17 {Szmetan,J-Nikolic,P/Buenos Aires/1992}) 14... Be7 (14... f5 15. Ng5 {[%cal Yg2d5]} (15. Bg5 Be7 $8 16. Bxe7 Qxe7 17. Nd2 Nab4 $132 18. Rb2 $13) 15... Nc7 (15... Nc5 16. Bd5+ Kg7 17. f4 $36)) (14... Nab4 15. a3 Nxc2 (15... Na2 $2 16. Bg5 Be7 17. Bxe7 Qxe7 18. Rb2 Nc3 19. Nxc3 dxc3 20. Rb3 $16) 16. Qxc2 $14 {[%cal Yb1b5]}) 15. a3 f5 16. Nd2 Nc5 (16... Nc7 {verhindert d5, gibt Schwarz aber auch weniger aktive Möglichkeiten.}) 17. Bd5+ Kh8 18. Nf3 {[%csl Re5]} Bf6 19. Rb5 (19. e3 Na4 20. Bd2 Nc3 (20... Nb6) (20... dxe3 21. fxe3) 21. Bxc3 dxc3 22. Qe1 $13) 19... Ne6 (19... Na4 20. Bd2 Nc3 21. Bxc3 dxc3 22. e4 $14 {[%csl Rb7,Rc3]}) 20. Bd2 Ra7 $2 (20... Nc7 $5 21. Bxc6 (21. Rc5 Nxd5 22. Rxd5 (22. cxd5 $2 Ne7 23. e4 b6 $17) 22... Qc7 $132) 21... bxc6 22. Rxa5 Na6 $44 {[%csl Ra5,Gc8] Es scheint mir, daß Schwarz hier für den  genügend entschädigt ist: der a5 findet nicht leicht ins Spiel zurück und langfristig droht Schwarz sich die Diagonale a8-h1 zu Nutze zu machen.}) 21. Qa1 $1 Qc7 $2 (21... Nc7 22. Bxc6 bxc6 23. Rxa5 Na6 24. Rb1 $13) 22. e3 $1 $36 Qg7 (22... Bd7 23. exd4 Ncxd4 24. Ncxd4 exd4 25. Rbb1 Bc6 26. Rfe1 $16) (22... dxe3 23. fxe3 $16 {[%cal Yd2c3]}) 23. exd4 e4 (23... exd4 24. Re1 $16) 24. dxe4 fxe4 (24... Ncxd4 25. Ncxd4 Nxd4 26. Nxd4 Bxd4 27. Qb1 $16) 25. Ne5 (25. Bxe4 Nexd4 26. Nfxd4 Nxd4 27. Nxd4 Rxe4 $13) 25... Nxe5 (25... Ncxd4 26. Nxd4 (26. Bh6 $2 Qxh6 27. Nf7+ Kg7 28. Nxh6 Ne2+ $19) (26. Nf7+ Qxf7 27. Nxd4 Bxd4 28. Qxd4+ Nxd4 29. Bxf7 Nf3+ (29... Nxb5 30. cxb5 $18) 30. Kg2 Nxd2 31. Bxe8 Nxf1 32. Kxf1 Be6 $11) 26... Bxe5 (26... Nxd4 27. Qxd4 $18) 27. Nxe6 $8 Bxe6 28. Qb1 $16) 26. dxe5 Bxe5 27. Qc1 Bd7 (27... Nc7 28. Rxa5 Rxa5 29. Bxa5 Nxd5 30. cxd5 $16) 28. Bh6 (28. Rxb7 $2 Rxb7 29. Bxb7 Nc5 30. Bd5 Bh3 31. Rd1 (31. Bh6 Qc7) 31... Bg4 $132) (28. Rxa5 Rxa5 29. Bxa5 Nd4 30. Nxd4 Bxd4 31. Bd2 $16) 28... Qf6 29. Rb6 $1 (29. Rxb7 $2 Rxb7 30. Bxb7 g5 $17) 29... Ra6 (29... Bc6 30. Bxc6 bxc6 31. Rxc6 $18) 30. Rxa6 (30. Rxb7 $5) 30... bxa6 31. Be3 {[%csl Gc4]} (31. Bxe4 $6 g5 $1 32. Qd1 $8 $13 (32. Qd2 $2 Bc8 33. f4 Nxf4 $17)) 31... Bb2 32. Qb1 Nc7 33. Bg5 $6 (33. Qxb2 Qxb2 34. Bd4+ Qxd4 35. Nxd4 Nxd5 36. cxd5 Re5 $11) (33. Rd1 $5 $16) (33. Bb7 $5 $16) 33... Qg7 34. Bh6 Qf6 35. Bg5 Qg7 36. Bh6 Qf6 37. Ne3 Bxa3 38. Qb7 $6 (38. Bxe4 $5) 38... Nxd5 $2 (38... Bd6 39. c5 (39. Bxe4 g5 $17) 39... Be5 40. Bxe4 g5 41. Qb6 (41. Nd5 Qxh6 42. Nxc7 Bc8 $15) (41. f4 gxf4 42. Bxf4 Bxf4 43. Rxf4 Qd4 44. Qxc7 Qxe3+ 45. Kg2 $11) 41... Bb5 $13) 39. Qxd7 1-0

[Event "Hoogovens"]
[Site "Wijk aan Zee"]
[Date "1997.01.31"]
[Round "11"]
[White "Granda Zuniga, Julio E"]
[Black "Lautier, Joel"]
[Result "1-0"]
[WhiteElo "2620"]
[BlackElo "2630"]
[PlyCount "175"]
[EventDate "1997.01.18"]
[EventType "tourn"]
[EventRounds "13"]
[EventCountry "NED"]
[EventCategory "16"]
[SourceTitle "CBM 057"]
[Source "ChessBase"]
[SourceDate "1997.04.01"]
[SourceVersion "1"]
[SourceVersionDate "1997.04.01"]
[SourceQuality "1"]

1. Nf3 {Donaldson,John W} c5 2. g3 Nc6 3. d4 cxd4 4. Nxd4 g6 5. Bg2 Bg7 6. Nb3 Nf6 7. O-O O-O 8. Nc3 d6 9. h3 Be6 10. e4 Nd7 ({RR} 10... a5 11. a4 Rc8 12. Nd5 Ne5 13. Nd4 Bd7 14. Re1 Re8 15. c3 e6 16. Ne3 Qb6 17. Qe2 Red8 18. f4 Nc6 19. Nb5 Na7 20. Nxd6 Qxd6 21. e5 Qc7 22. exf6 Bxf6 23. Ng4 Bg7 24. Be3 b6 25. Qf2 {Petrosian,T (2539)-Alekseev,E (2604) Cochin 2004 1-0 (63)}) ({RR} 10... Qc8 11. Kh2 Rb8 12. Nd5 Bxd5 13. exd5 Ne5 14. c3 Re8 15. Bg5 h6 16. Bf4 Nc4 17. Qc1 Kh7 18. Nd2 b5 19. Ne4 Nxd5 20. Nxd6 exd6 21. Bxd5 Qf5 22. Bc6 Re2 23. Qb1 Qc8 24. Bf3 Rxb2 25. Qd3 {Kiseljova,M (2031)-Istvanovszki,M (2318) chess.com INT 2025 0-1 (51)}) 11. Nd5 b5 $146 ({RR} 11... f5 12. exf5 Bxf5 13. Re1 Nf6 14. Bg5 Kh8 15. g4 Bd7 16. c3 Nxd5 17. Bxd5 Qb6 18. Be3 Qc7 19. Qe2 Ne5 20. Nd4 Qa5 21. Bb3 Nc6 22. Ne6 Bxe6 23. Bxe6 Rad8 24. Rad1 Qe5 25. Qc4 Qf6 26. f4 {Grefe,J (2373)-Liu,D (1973) San Francisco 2010 EXT 2012 [Donaldson,John W] 1-0 (56)}) ({RR} 11... Bxd5 12. Qxd5 Nb6 13. Qd1 Nc4 14. c3 e6 15. Qe2 Nb6 16. Rd1 Qc7 17. f4 Rfe8 18. a4 a5 19. Be3 Ne7 20. Nd4 d5 21. Nb5 Qc4 22. Qc2 {1-0 (22) Bernhoeft,E (1891)-Galicki,R (1823) Rowy 2009}) 12. Qe2 Rb8 13. c3 b4 14. cxb4 Nxb4 15. Be3 Ne5 16. Rfd1 a5 17. Nd4 Qd7 18. Nb6 Qd8 19. Nxe6 fxe6 20. Na4 Qd7 21. b3 Qb5 22. Qxb5 Rxb5 23. Bd4 Nc2 24. Bxe5 Bxe5 25. Rac1 Nd4 26. Bf1 Rbb8 27. Rc4 Rb4 28. Kg2 Rxc4 29. Bxc4 g5 30. Nb6 Bg7 31. e5 dxe5 32. Nd7 Rc8 33. Re1 a4 34. Nb6 Rc6 35. Nxa4 Kf7 36. Nb2 e4 37. Na4 Nf3 38. Rxe4 Nd2 39. Bb5 Rc2 40. Re2 Rxa2 41. Bc4 Bd4 42. Bd3 h6 43. Bc4 h5 44. Bxe6+ Kf6 45. Bd5 e5 46. Nc5 Bxc5 47. b4 Ra4 48. bxc5 Rd4 49. Bb7 Ke6 50. Re3 e4 51. Ra3 Rc4 52. Ra2 Nb3 53. Ra6+ Ke5 54. c6 Rc2 55. Ra8 Nd4 56. Re8+ Kf6 57. Rxe4 Nxc6 58. Ba6 Ne5 59. Be2 Kf5 60. Re3 h4 61. gxh4 gxh4 62. Ba6 Rb2 63. Rc3 Rb6 64. Bc8+ Kf4 65. Ra3 Rg6+ 66. Kf1 Rc6 67. Ba6 Rc1+ 68. Kg2 Rc2 69. Ra4+ Kg5 70. Re4 Rc5 71. f4+ Kf5 72. Ra4 Nc6 73. Bd3+ Kf6 74. Be4 Ne7 75. Ra6+ Kg7 76. Kf3 Rc4 77. f5 Rc3+ 78. Kg4 Rc4 79. f6+ Kf7 80. Kf3 Rc3+ 81. Kg2 Rc4 82. Bf3 Rc2+ 83. Kg1 Rc1+ 84. Kf2 Rc2+ 85. Ke1 Rc3 86. Ke2 Nc8 87. Bh5+ Kf8 88. Re6 1-0

[Event "RUS-Cup4"]
[Site "Perm"]
[Date "1997.02.11"]
[Round "4"]
[White "Fedorov, Alexei"]
[Black "Varavin, Viktor"]
[Result "1-0"]
[WhiteElo "2580"]
[BlackElo "2505"]
[PlyCount "79"]
[EventDate "1997.02.02"]
[EventType "swiss"]
[EventRounds "9"]
[EventCountry "RUS"]
[SourceTitle "CBM 058"]
[Source "ChessBase"]
[SourceDate "1997.06.01"]
[SourceVersion "1"]
[SourceVersionDate "1997.06.01"]
[SourceQuality "1"]

1. e4 c5 2. Nf3 e6 3. d3 Nc6 4. g3 d5 5. Nbd2 Nge7 6. Bg2 g6 7. O-O Bg7 8. Re1 b6 9. c3 O-O 10. Nf1 e5 ({RR} 10... a5 11. e5 a4 12. Bf4 Ba6 13. Qd2 b5 14. d4 b4 15. dxc5 bxc3 16. Qxc3 Rb8 17. Bg5 Re8 18. N1d2 Qc7 19. b3 Nb4 20. a3 Nd3 21. b4 Nxe1 22. Rxe1 Nc6 23. Qe3 Nxb4 24. axb4 Rxb4 25. Bh6 {Ji,D (2342)-Zhang,P (2638) Xinghua Jiangsu 2009 1-0 (59)}) ({RR} 10... d4 11. c4 e5 12. Nh4 Bd7 13. f4 Qc8 14. Nd2 Bg4 15. Bf3 Bxf3 16. Ndxf3 exf4 17. gxf4 f5 18. e5 Nd8 19. Ng2 Ne6 20. h4 h6 21. Kf2 Nc6 22. Bd2 Qc7 23. Rh1 Rae8 24. Qg1 Kf7 25. Qh2 {Norman,K (1932)-Eidelson,R (1735) Orsha BLR 2024 1-0 (42)}) 11. Ne3 $146 ({RR} 11. Bd2 Bb7 12. Qc1 Ba6 13. Qc2 Rc8 14. Rad1 h6 15. h3 f5 16. exd5 Nxd5 17. Qa4 Bxd3 18. Bxh6 e4 19. Bg5 Bf6 20. Bxf6 Qxf6 21. Rxd3 exd3 22. Qc4 Rcd8 23. Ng5 Qxg5 24. Bxd5+ Kg7 25. Bxc6 d2 {Lank,J-Lankey,B USA 1989 1-0 (41)}) 11... d4 12. Nd5 f6 13. c4 Qd6 14. Rb1 Bg4 15. h3 Bd7 16. Bd2 Nb4 17. Nxb4 cxb4 18. Nh4 Rae8 19. Qb3 Nc6 20. f4 exf4 21. e5 Qc5 22. Bd5+ Kh8 23. e6 Bc8 24. gxf4 Qd6 25. Qa4 Bb7 26. e7 Rxe7 27. Rxe7 Qxe7 28. Bxc6 Qe2 29. Nf3 Qxd3 30. Re1 Bxc6 31. Qxc6 b3 32. axb3 Qxb3 33. Re8 Qxb2 34. Rxf8+ Bxf8 35. Qxf6+ Kg8 36. Qe6+ Kg7 37. Qe5+ Kg8 38. Qd5+ Kg7 39. Ng5 Kh6 40. Qg8 1-0

[Event "Hawaii op"]
[Site "Honolulu"]
[Date "1997.??.??"]
[Round "?"]
[White "Blatny, Pavel"]
[Black "Yermolinsky, Alex"]
[Result "1-0"]
[WhiteElo "2540"]
[BlackElo "2630"]
[PlyCount "95"]
[EventDate "1997.04.??"]
[EventType "swiss"]
[EventRounds "11"]
[EventCountry "USA"]
[SourceTitle "EXT 1998"]
[Source "ChessBase"]
[SourceDate "1997.11.17"]
[SourceVersion "1"]
[SourceVersionDate "1997.11.17"]
[SourceQuality "1"]

1. Nf3 d5 2. b3 Bg4 3. e3 Nd7 4. Bb2 c6 5. Be2 Ngf6 6. d3 e6 7. Nbd2 Bd6 8. Nh4 Bxe2 9. Qxe2 Qc7 10. g3 O-O 11. O-O Rfe8 12. e4 e5 13. Rae1 Rad8 14. a3 b5 15. f3 c5 16. exd5 Nxd5 17. c4 bxc4 18. dxc4 N5f6 19. Ne4 g6 ({RR} 19... Bf8 20. Rd1 {½-½ (20) Harasta,V (2199)-Tepper,F (2215) Slovakia 2003}) 20. Rd1 Bf8 21. Rd3 $146 Nxe4 22. fxe4 Nb8 23. Rdf3 Rd7 24. Ng2 Qd8 25. Bc3 Nc6 26. Qf2 Nd4 27. Rxf7 Ne2+ 28. Qxe2 Rxf7 29. Rxf7 Kxf7 30. Ne3 Kg8 31. Nd5 Qd6 32. Kg2 Qc6 33. b4 cxb4 34. axb4 a6 35. b5 axb5 36. cxb5 Qd6 37. Qc4 Kh8 38. b6 Qc5 39. Qa4 Rd8 40. Bxe5+ Bg7 41. Bf4 Qc8 42. Bc7 Rf8 43. h3 Qe6 44. Nf4 Qe7 45. h4 g5 46. hxg5 Qxg5 47. b7 Be5 48. Qa8 1-0

[Event "New York op"]
[Site "New York"]
[Date "1997.??.??"]
[Round "?"]
[White "Vaganian, Rafael A"]
[Black "Thorhallsson, Throstur"]
[Result "1-0"]
[WhiteElo "2585"]
[BlackElo "2500"]
[PlyCount "94"]
[EventDate "1997.04.02"]
[EventType "swiss"]
[EventRounds "9"]
[EventCountry "USA"]
[SourceTitle "CBM 057 Extra"]
[Source "ChessBase"]
[SourceDate "1997.05.01"]
[SourceVersion "1"]
[SourceVersionDate "1997.05.01"]
[SourceQuality "1"]

1. Nf3 d5 2. g3 Nf6 3. Bg2 c6 4. O-O Bf5 5. d3 h6 6. Nbd2 e6 7. Qe1 Be7 8. e4 Bh7 9. Ne5 Nbd7 10. Nxd7 Nxd7 11. f4 O-O ({RR} 11... dxe4 12. dxe4 O-O 13. Kh1 Nc5 14. Qe2 a5 15. Nc4 b5 16. Ne5 Qc7 17. Nd3 Nxd3 18. cxd3 c5 19. Be3 Rac8 20. Rac1 Qd7 21. Rc2 Rfd8 22. Rd2 Bf6 23. Rc1 Bd4 24. h4 Bxe3 25. Qxe3 Qd4 26. Qxd4 {Vaganian,R (2615)-Karpov,A (2725) Moscow 1993 ½-½}) ({RR} 11... Qb6+ 12. Kh1 d4 13. a4 Rc8 14. a5 Qc7 15. Qe2 O-O 16. e5 b5 17. g4 c5 18. b3 c4 19. bxc4 Bb4 20. Bb2 Bxa5 21. Bxd4 Bxd2 22. Rxa7 Qd8 23. Qxd2 bxc4 24. f5 exf5 25. gxf5 Nc5 26. dxc4 {Valdes Romero,L (2404)-Chen,M (1997) Chess.com INT 2022 1-0 (42)}) 12. Kh1 Kh8 ({RR} 12... dxe4 13. dxe4 Qc7 14. g4 Rad8 15. h4 Nc5 16. Nb3 f5 17. Nxc5 Bxc5 18. g5 hxg5 19. hxg5 fxe4 20. Bxe4 Bxe4+ 21. Qxe4 Qf7 22. Kg2 Qf5 23. Qxf5 Rxf5 24. b4 Bd4 25. Rd1 Rfd5 26. Rb1 e5 27. c4 {Vaganian,R (2546)-Lazavik,D (2235) Moscow 2018 ½-½ (37)}) 13. g4 $146 ({RR} 13. Qe2 dxe4 14. dxe4 f6 15. b3 e5 16. Bb2 Qc7 17. Rad1 exf4 18. gxf4 Rae8 19. a3 Nc5 20. Qf2 Bd6 21. Rde1 Ne6 22. f5 Bc5 23. Qf3 Ng5 24. Qg4 b5 25. h4 Nf7 26. Nf3 Bd6 27. Rg1 Ne5 {Valdes Romero,L (2424)-Tovio,I (2255) Sabadell 2019 1-0 (62)}) 13... dxe4 14. Nxe4 f5 15. Ng3 Bg8 16. Qe2 fxg4 17. Qxg4 Nf6 18. Qh3 Nd5 19. Bd2 Bd6 20. Nh5 Qc7 21. Bxd5 exd5 22. Bc3 d4 23. Bxd4 Bd5+ 24. Kg1 Rf7 25. c4 c5 26. Bc3 Bc6 27. Rae1 Kh7 28. Re3 Raf8 29. Rg3 Bd7 30. Qg2 Bc6 31. Qe2 g5 32. d4 Re7 33. Re3 Rxe3 34. Qxe3 Qf7 35. d5 Qxh5 36. dxc6 Bxf4 37. Qe4+ Kg8 38. Qe6+ Kh7 39. Qe7+ Rf7 40. Qe4+ Kg8 41. h3 bxc6 42. Qe8+ Kh7 43. Qh8+ Kg6 44. Qg8+ Kf5 45. Re1 g4 46. h4 Bh2+ 47. Kg2 Bd6 1-0

[Event "Najdorf Memorial 8th"]
[Site "Buenos Aires"]
[Date "1997.05.24"]
[Round "5"]
[White "Wolff, Patrick G"]
[Black "Spangenberg, Hugo"]
[Result "1-0"]
[WhiteElo "2575"]
[BlackElo "2550"]
[Annotator "Horn,Peter"]
[PlyCount "109"]
[EventDate "1997.05.19"]
[EventType "tourn"]
[EventRounds "9"]
[EventCountry "ARG"]
[EventCategory "13"]
[SourceTitle "CBM 060"]
[Source "ChessBase"]
[SourceDate "1997.09.29"]
[SourceVersion "1"]
[SourceVersionDate "1997.09.29"]
[SourceQuality "1"]

1. e4 c5 2. Nf3 e6 3. d3 d5 4. Nbd2 Nc6 5. g3 Bd6 6. Bg2 Nge7 7. O-O O-O 8. Nh4 b5 {[%cal Yc5c4]} 9. f4 f6 $146 {Das gehört (früher oder später) zum schwarzen Konzept: er baut im Zentrum eine flexible Auffangstellung auf.} (9... c4 10. e5 Bc5+ 11. Kh1 Ba6 12. dxc4 bxc4 13. c3 $14 Qb6 14. Qh5 g6 15. Qg5 Rad8 16. Ndf3 Nf5 17. Nxf5 exf5 18. Qh6 Be7 19. Re1 Bc8 20. Be3 $1 $40 {Nevednichy-Saltaev/Tiraspol/1994}) ({RR} 9... c4 10. e5 Bc5+ 11. Kh1 Ba6 12. Ndf3 b4 13. d4 Bb6 14. Rf2 c3 15. b3 Bc8 16. g4 a5 17. Be3 Ra7 18. Bh3 Kh8 19. Qg1 f6 20. exf6 gxf6 21. g5 f5 22. Qg3 Rg8 23. Re1 Bd7 24. Rfe2 {Andriasian,Z (2611)-Bartel,M (2634) Moscow 2019 0-1 (90)}) ({RR} 9... c4 10. Kh1 a5 11. e5 Bc5 12. Ndf3 cxd3 13. cxd3 Nd4 14. Nxd4 Bxd4 15. Nf3 Bb6 16. g4 d4 17. Nxd4 Qxd4 18. Bxa8 Nd5 19. Qf3 Rd8 20. Re1 Qc5 21. Bxd5 exd5 22. d4 Qb4 23. Be3 Bxd4 24. Bxd4 {Perez Gormaz,M (2388)-Vargas,G (2084) Sao Paulo BRA 2024 ½-½ (35)}) 10. Kh1 {Nützliche Vorsorge, da Schwarz die Diagonale a7-g1 bestzen möchte.} c4 11. Ndf3 $146 (11. dxc4 dxc4 (11... bxc4 12. exd5 exd5 13. c3 $14) 12. a4) ({RR} 11. f5 cxd3 12. cxd3 e5 13. exd5 Nb4 14. Ne4 Bb7 15. g4 h6 16. g5 fxg5 17. f6 Qd7 18. Qh5 Bxd5 19. Bxg5 Bf7 20. Qf3 hxg5 21. fxg7 Ned5 22. Nf5 Bg6 23. gxf8=Q+ Rxf8 24. Nexd6 Nf4 25. Qe4 Nc2 {Bykovskiy,O (2229)-Matviishen,V (2349) Vinnytsia 2016 1-0}) 11... dxe4 12. dxe4 e5 {[%csl Rd5,Rf5] Schwächt ein wenig die weißen Felder; notwendig war das nicht.} (12... Bb7 13. Bh3 $140 $6 Qd7) (12... Bc5 13. e5) 13. a4 b4 14. Nf5 Bc5 $2 (14... Bxf5 15. exf5 exf4 16. Nd4 $1 Nxd4 17. Qxd4 Rc8 (17... fxg3 18. Rd1 $16) 18. Bxf4 Bxf4 19. Qxf4 $14 {[%csl Re7,Gg2] Der g2 sollte hier dem e7 überlegen sein, da dieser den Weg nach e5 nur schwer finden wird.}) 15. Nxe7+ Bxe7 (15... Nxe7 16. Qxd8 Rxd8 17. fxe5 $16) 16. Qd5+ $1 Qxd5 17. exd5 Na5 18. Nxe5 $1 (18. fxe5 fxe5 19. Nxe5 Rxf1+ 20. Bxf1 Bb7 21. Bg2 Rd8 $11 {[%csl Rd5]}) 18... Bf5 (18... fxe5 19. d6 $18) 19. d6 Bxd6 20. Bd5+ Kh8 21. Bxa8 fxe5 22. fxe5 Bxc2 (22... Bxe5 23. Bg2 $18) 23. Bg5 $18 Rxa8 24. exd6 h6 25. Be7 Nc6 26. Rae1 Bxa4 27. Rf4 Bb5 28. d7 Kh7 29. d8=Q Rxd8 (29... Nxd8 30. Rf8 $18) 30. Bxd8 Nxd8 31. Re5 a6 32. Kg1 c3 33. Rxb4 Nc6 34. Rbxb5 axb5 35. Rc5 cxb2 36. Rxb5 Ne5 37. Rxb2 Kg6 38. Kg2 Kf5 39. Rf2+ Kg4 40. h3+ Kg5 41. g4 Kg6 42. Kg3 Nd7 43. Rd2 Nf8 44. Kf4 Ne6+ 45. Ke5 Ng5 46. Rd6+ Kh7 47. Rd3 Kg6 48. h4 Nh7 49. Rd7 Nf6 50. Rd6 Kf7 51. Kf5 g6+ 52. Kf4 Ke7 53. Ra6 Kf7 54. Ra7+ Ke6 55. g5 1-0

[Event "RUS-ch m1-2"]
[Site "Elista"]
[Date "1997.05.25"]
[Round "3.1"]
[White "Morozevich, Alexander"]
[Black "Fominyh, Alexander"]
[Result "1-0"]
[WhiteElo "2595"]
[BlackElo "2545"]
[PlyCount "89"]
[EventDate "1997.05.19"]
[EventType "k.o."]
[EventRounds "6"]
[EventCountry "RUS"]
[SourceTitle "CBM 059"]
[Source "ChessBase"]
[SourceDate "1997.08.01"]
[SourceVersion "1"]
[SourceVersionDate "1997.08.01"]
[SourceQuality "1"]

1. e4 c5 2. Nf3 e6 3. d3 Nc6 4. g3 d5 5. Qe2 Nge7 6. Bg2 g6 7. O-O Bg7 8. c3 b6 9. Na3 Ba6 ({RR} 9... a5 10. Nc2 Ba6 11. exd5 Nxd5 12. Bg5 Qd7 13. Rad1 O-O 14. Rfe1 h6 15. Bc1 Rad8 16. Na3 Nde7 17. Nc4 b5 18. Nfe5 Nxe5 19. Nxe5 Qc7 20. Ng4 b4 21. Nxh6+ Kh7 22. Ng4 bxc3 23. bxc3 Bxc3 24. Qe3 {Dimitrijevic,A (1871)-Winkels,M (1902) chess.com INT 2024 0-1 (57)}) 10. e5 b5 ({RR} 10... h6 11. h4 Qc7 12. Re1 O-O-O 13. Rb1 g5 14. hxg5 Ng6 15. gxh6 Bxe5 16. b4 Bxc3 17. b5 Bxe1 18. Qxe1 Bb7 19. bxc6 Bxc6 20. d4 c4 21. Nb5 Bxb5 22. Rxb5 Qc6 23. Rb1 Kb7 24. Ne5 Nxe5 25. Qxe5 {Morozevich,A (2749)-Lastin,A (2628) Moscow 2001 1-0 (32)}) 11. Nc2 b4 12. cxb4 $146 ({RR} 12. c4 O-O 13. b3 Qc7 14. Re1 h6 15. h4 Bb7 16. Bf4 a5 17. a4 bxa3 18. Nxa3 Ba6 19. Rac1 Rab8 20. cxd5 Nxd5 21. Rxc5 Rxb3 22. Nc4 Rb5 23. Rxc6 Qxc6 24. Nd4 Qc5 25. Nxb5 Nxf4 26. gxf4 Bxb5 {Nokes,R (2293)-El Debs,F (2447) Dresden 2008 0-1 (45)}) 12... cxb4 13. b3 O-O 14. Bb2 Rc8 15. a3 bxa3 16. Rxa3 Qb6 17. Rfa1 Bb7 18. Ne3 Kh8 19. Qd1 Qc7 20. Rc1 Qb8 21. d4 Nb4 22. Bf1 h6 23. Rxc8 Rxc8 24. Qd2 Nbc6 25. Ra4 a5 26. Bc3 Ba8 27. b4 axb4 28. Bxb4 Nxb4 29. Qxb4 Bf8 30. Qxb8 Rxb8 31. h4 Bc6 32. Ra7 Kg7 33. Rc7 Ba4 34. Ra7 Rb4 35. Kg2 h5 36. Bd3 Bb3 37. Bc2 Bc4 38. Nxc4 dxc4 39. Be4 Kg8 40. Rc7 Nd5 41. Bxd5 exd5 42. Ng5 Rb2 43. Nxf7 c3 44. Ng5 c2 45. Rc8 1-0